Galatasaray Quiz - Statistics

General Stats
  • This quiz has been taken 580 times
  • The average score is 6 of 15
Answer Stats
Question Answer % Correct
Who is the top scorer in Galatasaray history? Hakan Şükür
82%
How many times Galatasaray won the Super League? 22
73%
Which one was not in the Europa League group of Galatasaray this season? PSV
67%
Who has played most in Galatasaray? Bülent Korkmaz
64%
What date did Muslera come to Galatasaray? 11 August 2011
62%
How many million euros is Mario Jardel, the most expensive transfer in the history of Galatasaray? 17.05€
47%
What is the score of the Mke Ankaragucu match, the best win in the history of Galatasaray? 8-0
38%
Which one is not among the Founders of Galatasaray? Ziya Songülen
27%
How many times did Galatasaray beat Fenerbahce? 125
24%
Who is the oldest player in Galatasaray in Current squad? Bafetimbi Gomis
24%
How many local players are in Galatasaray this season?(Turkish and No loans,no transfers and no under age categorie teams) 13
22%
Who has scored goal to Galatasaray at 2000 European League Final?(Rival:Arsenal) Ray Parlour
16%
What season is galatasaray undefeated 2.? 1985-86
13%
How many trophies does Galatasaray have in Football? 79
13%
Which team did Galatasaray win against in the first half of this season? Konyaspor
13%
No matching quizzes found
Score Distribution
Percent of People with Each Score
Percentile by Number Answered
Your Score History
You have not taken this quiz